[Event "SLO-chT2 East"]
[Site "Brezice Maribor"]
[Date "2008.06.07"]
[Round "3"]
[White "Nikl, Drago"]
[Black "Mrakic, Tone"]
[Result "1-0"]
[WhiteElo "1644"]
[BlackElo "1861"]
[PlyCount "43"]
[EventDate "2008.10.24"]
[EventType "team-tourn"]
[EventRounds "9"]
[EventCountry "SLO"]
[SourceTitle "EXT 2010"]
[Source "ChessBase"]
[SourceDate "2010.11.25"]
[SourceVersion "1"]
[SourceVersionDate "2010.11.25"]
[SourceQuality "1"]

1. d4 d5 2. Nf3 Nf6 3. Ne5 c5 4. e3 e6 5. Nc3 a6 6. Qf3 Nc6 7. Nxc6 bxc6 8. Ne2 Ne4 9. c3 Be7 10. Nf4 0-0 11. Bd3 f5 12. g4 fxg4 13. Qxg4 e5 14. Ne6 Bxe6 15. Qxe6+ Kh8 16. Bxe4 dxe4 17. Qxe5 Bh4 18. Rf1 Rxf2 19. Rxf2 Qf8 20. Qf4 Qxf4 21. exf4 cxd4 22. cxd4 1-0

[Event "SLO-chT2 East"]
[Site "Brezice Maribor"]
[Date "2008.05.24"]
[Round "1"]
[White "Mrakic, Tone"]
[Black "Korze, Danilo"]
[Result "0-1"]
[WhiteElo "1861"]
[BlackElo "2062"]
[PlyCount "58"]
[EventDate "2008.10.24"]
[EventType "team-tourn"]
[EventRounds "9"]
[EventCountry "SLO"]
[SourceTitle "EXT 2010"]
[Source "ChessBase"]
[SourceDate "2010.11.25"]
[SourceVersion "1"]
[SourceVersionDate "2010.11.25"]
[SourceQuality "1"]

1. e4 e6 2. d4 d5 3. exd5 exd5 4. Nf3 Nf6 5. Bg5 Be7 6. Be2 Bg4 7. 0-0 0-0 8. Nbd2 Nbd7 9. Re1 c6 10. c4 Re8 11. a3 Qb6 12. b4 a6 13. Nb3 Ne4 14. Bxe7 Rxe7 15. Nc5 Ndf6 16. Qc2 Rae8 17. Ne5 Bf5 18. Bd3 Nxc5 19. Bxf5 Ne6 20. Bxe6 Rxe6 21. cxd5 Nxd5 22. Qd2 Qc7 23. Nf3 Qf4 24. Rxe6 Rxe6 25. Qd3 Qg4 26. Ne5 Nf4 27. Qxh7+ Kxh7 28. Nxg4 Ne2+ 29. Kf1 Nxd4 0-1

[Event "SLO-chT2 East"]
[Site "Brezice Maribor"]
[Date "2007.10.20"]
[Round "8"]
[White "Mrakic, Tone"]
[Black "Marguc, Franc"]
[Result "1/2-1/2"]
[WhiteElo "1867"]
[BlackElo "1729"]
[PlyCount "20"]
[EventDate "2007.05.26"]
[EventType "team-tourn"]
[EventRounds "9"]
[EventCountry "SLO"]
[SourceTitle "EXT 2010"]
[Source "ChessBase"]
[SourceDate "2010.11.25"]
[SourceVersion "1"]
[SourceVersionDate "2010.11.25"]
[SourceQuality "1"]

1. e4 e6 2. d4 d5 3. exd5 exd5 4. Nf3 Bg4 5. Be2 Nf6 6. 0-0 Be7 7. Bg5 0-0 8. Nbd2 Nbd7 9. h3 Bh5 10. Re1 Re8 1/2-1/2

[Event "SLO-chT2 East"]
[Site "Brezice Maribor"]
[Date "2007.10.20"]
[Round "7"]
[White "Zajsek, Franc"]
[Black "Mrakic, Tone"]
[Result "1/2-1/2"]
[WhiteElo "1841"]
[BlackElo "1867"]
[PlyCount "29"]
[EventDate "2007.05.26"]
[EventType "team-tourn"]
[EventRounds "9"]
[EventCountry "SLO"]
[SourceTitle "EXT 2010"]
[Source "ChessBase"]
[SourceDate "2010.11.25"]
[SourceVersion "1"]
[SourceVersionDate "2010.11.25"]
[SourceQuality "1"]

1. d4 d5 2. c4 e6 3. Nc3 Nf6 4. Bg5 Be7 5. e3 b6 6. cxd5 Nxd5 7. Bxe7 Qxe7 8. Nf3 Nd7 9. Be2 Bb7 10. 0-0 0-0 11. Rc1 Rac8 12. Qa4 a5 13. Bb5 c6 14. Nxd5 exd5 15. Bxc6 1/2-1/2

[Event "SLO-chT2 East"]
[Site "Velenje"]
[Date "2006.10.22"]
[Round "9"]
[White "Mrakic, Tone"]
[Black "Rajkovic, Radisa"]
[Result "1/2-1/2"]
[WhiteElo "1875"]
[BlackElo "2064"]
[PlyCount "68"]
[EventDate "2006.05.21"]
[EventType "team"]
[EventRounds "9"]
[EventCountry "SLO"]
[SourceTitle "EXT 2008"]
[Source "ChessBase"]
[SourceDate "2007.11.25"]
[SourceVersion "1"]
[SourceVersionDate "2007.11.25"]
[SourceQuality "1"]

1. e4 e5 2. Nf3 Nc6 3. Bb5 a6 4. Ba4 Nf6 5. 0-0 b5 6. Bb3 Be7 7. Re1 d6 8. h3 0-0 9. c3 Na5 10. d4 Nxb3 11. Qxb3 Bb7 12. d5 c6 13. c4 Qd7 14. dxc6 Bxc6 15. cxb5 axb5 16. Nc3 Qb7 17. Bg5 b4 18. Bxf6 Bxf6 19. Nd5 Bxd5 20. exd5 Ra5 21. Red1 Rc8 22. Rac1 Rcc5 23. Rxc5 Rxc5 24. a4 g6 25. Ne1 Bd8 26. Nc2 Ba5 27. Ne3 Qc8 28. Ng4 f5 29. Ne3 Kg7 30. Qd3 Bb6 31. Rd2 Rc1+ 32. Kh2 Bxe3 33. Qxe3 Qc4 34. Qg5 Qc7 1/2-1/2

[Event "SLO-chT2 East"]
[Site "Velenje"]
[Date "2006.10.03"]
[Round "7"]
[White "Volcansek, Joze"]
[Black "Mrakic, Tone"]
[Result "1/2-1/2"]
[WhiteElo "1926"]
[BlackElo "1875"]
[PlyCount "29"]
[EventDate "2006.05.21"]
[EventType "team"]
[EventRounds "9"]
[EventCountry "SLO"]
[SourceTitle "EXT 2008"]
[Source "ChessBase"]
[SourceDate "2007.11.25"]
[SourceVersion "1"]
[SourceVersionDate "2007.11.25"]
[SourceQuality "1"]

1. d4 d5 2. Nf3 Nc6 3. Bf4 Bf5 4. c3 Nf6 5. e3 a6 6. Bd3 Bxd3 7. Qxd3 e6 8. Nbd2 Bd6 9. Bg3 Qe7 10. e4 dxe4 11. Nxe4 h6 12. Bh4 g5 13. Bg3 Nxe4 14. Qxe4 f5 15. Bxd6 1/2-1/2

[Event "SLO-chT2 East"]
[Site "Velenje"]
[Date "2005.11.23"]
[Round "8"]
[White "Hari, Danilo"]
[Black "Mrakic, Tone"]
[Result "1-0"]
[WhiteElo "2136"]
[BlackElo "1869"]
[PlyCount "118"]
[EventDate "2005.05.27"]
[EventType "team"]
[EventRounds "9"]
[EventCountry "SLO"]
[SourceTitle "EXT 2009"]
[Source "ChessBase"]
[SourceDate "2008.11.26"]
[SourceVersion "1"]
[SourceVersionDate "2008.11.26"]
[SourceQuality "1"]

1. d4 d5 2. c4 e6 3. Nc3 Nf6 4. Nf3 b6 5. Bg5 Be7 6. e3 Bb7 7. cxd5 Nxd5 8. Bb5+ c6 9. Bxe7 Qxe7 10. Bd3 Nd7 11. Rc1 0-0 12. 0-0 Rac8 13. Bb1 g6 14. Re1 Nxc3 15. bxc3 c5 16. e4 cxd4 17. cxd4 Rxc1 18. Qxc1 Rc8 19. Qd2 Qa3 20. h4 Nf6 21. Qg5 Kg7 22. d5 exd5 23. e5 Ng8 24. h5 Qe7 25. h6+ Kh8 26. e6 fxe6 27. Ne5 Rf8 28. Qxg6 Rf6 29. Qh5 Qb4 30. Rf1 Qf4 31. g3 Qxh6 32. Nf7+ Rxf7 33. Qxf7 Qg7 34. Qxe6 Ba6 35. Rd1 Bc4 36. Kg2 b5 37. Rh1 h6 38. Rh4 d4 39. Qe4 Ne7 40. Qxd4 Qxd4 41. Rxd4 Nc6 42. Rd6 Ne5 43. f4 Nf7 44. Rd4 a5 45. a4 Kg7 46. Kf2 h5 47. axb5 Bxb5 48. Rd5 Bc6 49. Rxa5 Nh6 50. Rg5+ Kf8 51. Bf5 Be8 52. Bh3 Ng8 53. Ra5 Nf6 54. Ke3 Bg6 55. f5 Bf7 56. Kf4 Kg7 57. Bg2 Nh7 58. Bf3 Nf6 59. Ra7 Nh7 1-0

[Event "SLO-chT2 East"]
[Site "Velenje"]
[Date "2005.10.13"]
[Round "5"]
[White "Habjanic, David"]
[Black "Mrakic, Tone"]
[Result "1-0"]
[WhiteElo "2126"]
[BlackElo "1869"]
[PlyCount "60"]
[EventDate "2005.05.27"]
[EventType "team"]
[EventRounds "9"]
[EventCountry "SLO"]
[SourceTitle "EXT 2009"]
[Source "ChessBase"]
[SourceDate "2008.11.26"]
[SourceVersion "1"]
[SourceVersionDate "2008.11.26"]
[SourceQuality "1"]

1. d4 d5 2. Nf3 Nf6 3. c4 e6 4. g3 Nbd7 5. Bg2 c5 6. cxd5 Nxd5 7. 0-0 cxd4 8. Nxd4 Bc5 9. Nb3 N5f6 10. Nxc5 Nxc5 11. Qxd8+ Kxd8 12. Nc3 Ke7 13. Bf4 Ncd7 14. Rfd1 e5 15. Bg5 Nb6 16. a4 a5 17. Nd5+ Nbxd5 18. Rxd5 Ke6 19. Rb5 Re8 20. Rd1 Kf5 21. Bxf6 Kxf6 22. Bxb7 Bxb7 23. Rxb7 Ra6 24. Rdd7 Rf8 25. Rb5 Ke6 26. Rdd5 f6 27. Rxa5 Rc6 28. Rac5 Rb8 29. Rxe5+ fxe5 30. Rxc6+ Kd5 1-0